00473 a2200133 450000500170000002000220001708200210003910000160006024500970007626000350017330000310020870000140023985600860025320250516062143.0 a978-0-07-148151-9 aLECT 361.765 BEN aBENIOFF, M. aThe Business of Changing the World: Twenty Great Leaders on Strategic Corporate Philanthropy aNew York,bMcGraw-Hill,c2007. axxix, 297p.bIndex.c23cm. aADLER, C. yAccess Online BookfThe Business of Changing the Worlddwww.books.mcgraw-hill.com